<?xml version="1.0" encoding="UTF-8"?>
<record
    xmlns:xsi="http://www.w3.org/2001/XMLSchema-instance"
    xsi:schemaLocation="http://www.loc.gov/MARC21/slim http://www.loc.gov/standards/marcxml/schema/MARC21slim.xsd"
    xmlns="http://www.loc.gov/MARC21/slim">

  <leader>02456nam2a2200301   4500</leader>
  <controlfield tag="001">RU\NLR\BIBL_A\022763465</controlfield>
  <controlfield tag="005">20260414145648.0</controlfield>
  <datafield tag="010" ind1=" " ind2=" ">
    <subfield code="a">978-5-6054489-5-2</subfield>
    <subfield code="9">500</subfield>
  </datafield>
  <datafield tag="021" ind1=" " ind2=" ">
    <subfield code="a">RU</subfield>
    <subfield code="b">&#x41A;&#x41D;-&#x41F;-26-005854</subfield>
    <subfield code="9">&#x41A;&#x41D;-&#x41F;-26-0572</subfield>
  </datafield>
  <datafield tag="035" ind1=" " ind2=" ">
    <subfield code="a">(NLR Aleph) 022763465</subfield>
  </datafield>
  <datafield tag="090" ind1=" " ind2=" ">
    <subfield code="a">13644808</subfield>
    <subfield code="c">13644808</subfield>
  </datafield>
  <datafield tag="100" ind1=" " ind2=" ">
    <subfield code="a">20260323d2025    u  y0rusy50      ca</subfield>
  </datafield>
  <datafield tag="101" ind1="0" ind2=" ">
    <subfield code="a">rus</subfield>
  </datafield>
  <datafield tag="102" ind1=" " ind2=" ">
    <subfield code="a">RU</subfield>
  </datafield>
  <datafield tag="105" ind1=" " ind2=" ">
    <subfield code="a">a   j   000yy</subfield>
  </datafield>
  <datafield tag="200" ind1="1" ind2=" ">
    <subfield code="a">&#x426;&#x435;&#x43B;&#x435;&#x432;&#x44B;&#x435; &#x440;&#x435;&#x430;&#x431;&#x438;&#x43B;&#x438;&#x442;&#x430;&#x446;&#x438;&#x43E;&#x43D;&#x43D;&#x44B;&#x435; &#x433;&#x440;&#x443;&#x43F;&#x43F;&#x44B;, &#x43E;&#x43F;&#x440;&#x435;&#x434;&#x435;&#x43B;&#x44F;&#x435;&#x43C;&#x44B;&#x435; &#x438;&#x43D;&#x432;&#x430;&#x43B;&#x438;&#x434;&#x430;&#x43C; &#x438; &#x434;&#x435;&#x442;&#x44F;&#x43C;-&#x438;&#x43D;&#x432;&#x430;&#x43B;&#x438;&#x434;&#x430;&#x43C;</subfield>
    <subfield code="f">&#x41A;&#x430;&#x440;&#x430;&#x441;&#x430;&#x435;&#x432;&#x430; &#x41B;. &#x410;., &#x413;&#x43E;&#x440;&#x44F;&#x439;&#x43D;&#x43E;&#x432;&#x430; &#x41C;. &#x412;., &#x413;&#x43E;&#x440;&#x44F;&#x439;&#x43D;&#x43E;&#x432;&#x418;. &#x412;. [&#x438; &#x434;&#x440;.]</subfield>
    <subfield code="g">&#x424;&#x435;&#x434;&#x435;&#x440;&#x430;&#x43B;&#x44C;&#x43D;&#x43E;&#x435; &#x433;&#x43E;&#x441;&#x443;&#x434;&#x430;&#x440;&#x441;&#x442;&#x432;&#x435;&#x43D;&#x43D;&#x43E;&#x435; &#x431;&#x44E;&#x434;&#x436;&#x435;&#x442;&#x43D;&#x43E;&#x435; &#x443;&#x447;&#x440;&#x435;&#x436;&#x434;&#x435;&#x43D;&#x438;&#x435; &#x424;&#x435;&#x434;&#x435;&#x440;&#x430;&#x43B;&#x44C;&#x43D;&#x44B;&#x439; &#x43D;&#x430;&#x443;&#x447;&#x43D;&#x43E;-&#x43E;&#x431;&#x440;&#x430;&#x437;&#x43E;&#x432;&#x430;&#x442;&#x435;&#x43B;&#x44C;&#x43D;&#x44B;&#x439; &#x446;&#x435;&#x43D;&#x442;&#x440; &#x43C;&#x435;&#x434;&#x438;&#x43A;&#x43E;-&#x441;&#x43E;&#x446;&#x438;&#x430;&#x43B;&#x44C;&#x43D;&#x43E;&#x439; &#x44D;&#x43A;&#x441;&#x43F;&#x435;&#x440;&#x442;&#x438;&#x437;&#x44B; &#x438; &#x440;&#x435;&#x430;&#x431;&#x438;&#x43B;&#x438;&#x442;&#x430;&#x446;&#x438;&#x438; &#x438;&#x43C;&#x435;&#x43D;&#x438; &#x413;. &#x410;. &#x410;&#x43B;&#x44C;&#x431;&#x440;&#x435;&#x445;&#x442;&#x430;, &#x41C;&#x438;&#x43D;&#x438;&#x441;&#x442;&#x435;&#x440;&#x441;&#x442;&#x432;&#x430; &#x442;&#x440;&#x443;&#x434;&#x430; &#x438; &#x441;&#x43E;&#x446;&#x438;&#x430;&#x43B;&#x44C;&#x43D;&#x43E;&#x439; &#x437;&#x430;&#x449;&#x438;&#x442;&#x44B; &#x420;&#x43E;&#x441;&#x441;&#x438;&#x439;&#x441;&#x43A;&#x43E;&#x439; &#x424;&#x435;&#x434;&#x435;&#x440;&#x430;&#x446;&#x438;&#x438; (&#x424;&#x413;&#x411;&#x423; &#x424;&#x41D;&#x41E;&#x426; &#x41C;&#x421;&#x42D; &#x438; &#x420; &#x438;&#x43C;. &#x413;. &#x410;. &#x410;&#x43B;&#x44C;&#x431;&#x440;&#x435;&#x445;&#x442;&#x430; &#x41C;&#x438;&#x43D;&#x442;&#x440;&#x443;&#x434;&#x430; &#x420;&#x43E;&#x441;&#x441;&#x438;&#x438;)</subfield>
  </datafield>
  <datafield tag="210" ind1=" " ind2=" ">
    <subfield code="d">2025</subfield>
  </datafield>
  <datafield tag="215" ind1=" " ind2=" ">
    <subfield code="a">67 &#x441;.</subfield>
    <subfield code="c">&#x442;&#x430;&#x431;&#x43B;.</subfield>
  </datafield>
  <datafield tag="320" ind1=" " ind2=" ">
    <subfield code="a">&#x411;&#x438;&#x431;&#x43B;&#x438;&#x43E;&#x433;&#x440;.: &#x441;. 57&#x2013;58</subfield>
  </datafield>
  <datafield tag="461" ind1=" " ind2="0">
    <subfield code="1">001RU\NLR\BIBL_A\022763451</subfield>
    <subfield code="1">2001#$a&#x41C;&#x435;&#x442;&#x43E;&#x434;&#x438;&#x447;&#x435;&#x441;&#x43A;&#x438;&#x435; &#x43E;&#x441;&#x43D;&#x43E;&#x432;&#x44B; &#x43C;&#x435;&#x434;&#x438;&#x43A;&#x43E;-&#x441;&#x43E;&#x446;&#x438;&#x430;&#x43B;&#x44C;&#x43D;&#x43E;&#x439; &#x44D;&#x43A;&#x441;&#x43F;&#x435;&#x440;&#x442;&#x438;&#x437;&#x44B;$v&#x427;. 3</subfield>
    <subfield code="9">13688582</subfield>
    <subfield code="c">&#x421;&#x430;&#x43D;&#x43A;&#x442;-&#x41F;&#x435;&#x442;&#x435;&#x440;&#x431;&#x443;&#x440;&#x433;</subfield>
    <subfield code="d">2025&#x2013;</subfield>
    <subfield code="f">&#x41A;&#x430;&#x440;&#x430;&#x441;&#x430;&#x435;&#x432;&#x430; &#x41B;&#x44E;&#x434;&#x43C;&#x438;&#x43B;&#x430; &#x410;&#x43B;&#x435;&#x43A;&#x441;&#x435;&#x435;&#x432;&#x43D;&#x430;, &#x434;&#x43E;&#x43A;&#x442;&#x43E;&#x440; &#x43C;&#x435;&#x434;&#x438;&#x446;&#x438;&#x43D;&#x441;&#x43A;&#x438;&#x445; &#x43D;&#x430;&#x443;&#x43A;, &#x43F;&#x440;&#x43E;&#x444;&#x435;&#x441;&#x441;&#x43E;&#x440;, &#x413;&#x43E;&#x440;&#x44F;&#x439;&#x43D;&#x43E;&#x432;&#x430; &#x41C;&#x430;&#x440;&#x438;&#x43D;&#x430; &#x412;&#x43B;&#x430;&#x434;&#x438;&#x43C;&#x438;&#x440;&#x43E;&#x432;&#x43D;&#x430;, &#x43A;&#x430;&#x43D;&#x434;&#x438;&#x434;&#x430;&#x442; &#x43C;&#x435;&#x434;&#x438;&#x446;&#x438;&#x43D;&#x441;&#x43A;&#x438;&#x445; &#x43D;&#x430;&#x443;&#x43A;, &#x434;&#x43E;&#x446;&#x435;&#x43D;&#x442;, &#x413;&#x43E;&#x440;&#x44F;&#x439;&#x43D;&#x43E;&#x432; &#x418;&#x433;&#x43E;&#x440;&#x44C; &#x412;&#x43B;&#x430;&#x434;&#x438;&#x43C;&#x438;&#x440;&#x43E;&#x432;&#x438;&#x447;, &#x43A;&#x430;&#x43D;&#x434;&#x438;&#x434;&#x430;&#x442; &#x43C;&#x435;&#x434;&#x438;&#x446;&#x438;&#x43D;&#x441;&#x43A;&#x438;&#x445; &#x43D;&#x430;&#x443;&#x43A;, &#x410;&#x43B;&#x438;&#x441;&#x445;&#x430;&#x43D;&#x43E;&#x432; &#x410;&#x445;&#x43C;&#x435;&#x434; &#x41C;&#x430;&#x433;&#x43E;&#x43C;&#x435;&#x434;&#x43E;&#x432;&#x438;&#x447;, &#x432;&#x440;&#x430;&#x447;</subfield>
    <subfield code="n">&#x424;&#x41D;&#x41E;&#x426; &#x41C;&#x421;&#x42D;&#x438;&#x420; &#x438;&#x43C;. &#x413;. &#x410;. &#x410;&#x43B;&#x44C;&#x431;&#x440;&#x435;&#x445;&#x442;&#x430;</subfield>
    <subfield code="o">&#x443;&#x447;&#x435;&#x431;&#x43D;&#x43E;&#x435; &#x43F;&#x43E;&#x441;&#x43E;&#x431;&#x438;&#x435;</subfield>
    <subfield code="t">&#x41C;&#x435;&#x442;&#x43E;&#x434;&#x438;&#x447;&#x435;&#x441;&#x43A;&#x438;&#x435; &#x43E;&#x441;&#x43D;&#x43E;&#x432;&#x44B; &#x43C;&#x435;&#x434;&#x438;&#x43A;&#x43E;-&#x441;&#x43E;&#x446;&#x438;&#x430;&#x43B;&#x44C;&#x43D;&#x43E;&#x439; &#x44D;&#x43A;&#x441;&#x43F;&#x435;&#x440;&#x442;&#x438;&#x437;&#x44B;</subfield>
    <subfield code="v">&#x427;. 3</subfield>
  </datafield>
  <datafield tag="606" ind1="1" ind2=" ">
    <subfield code="a">&#x418;&#x43D;&#x432;&#x430;&#x43B;&#x438;&#x434;&#x44B;</subfield>
    <subfield code="j">&#x423;&#x447;&#x435;&#x431;&#x43D;&#x44B;&#x435; &#x438;&#x437;&#x434;&#x430;&#x43D;&#x438;&#x44F;</subfield>
    <subfield code="x">&#x420;&#x435;&#x430;&#x431;&#x438;&#x43B;&#x438;&#x442;&#x430;&#x446;&#x438;&#x44F;</subfield>
    <subfield code="9">1172477</subfield>
    <subfield code="3">RU\NLR\AUTH\66470643</subfield>
  </datafield>
  <datafield tag="606" ind1="1" ind2=" ">
    <subfield code="a">&#x414;&#x435;&#x442;&#x438;-&#x438;&#x43D;&#x432;&#x430;&#x43B;&#x438;&#x434;&#x44B;</subfield>
    <subfield code="j">&#x423;&#x447;&#x435;&#x431;&#x43D;&#x44B;&#x435; &#x438;&#x437;&#x434;&#x430;&#x43D;&#x438;&#x44F;</subfield>
    <subfield code="x">&#x420;&#x435;&#x430;&#x431;&#x438;&#x43B;&#x438;&#x442;&#x430;&#x446;&#x438;&#x44F;</subfield>
    <subfield code="9">945232</subfield>
    <subfield code="3">RU\NLR\AUTH\66350370</subfield>
  </datafield>
  <datafield tag="686" ind1="1" ind2=" ">
    <subfield code="a">&#x420;11(2)297&#x44F;7</subfield>
  </datafield>
  <datafield tag="686" ind1="1" ind2=" ">
    <subfield code="a">&#x420;11(2)442.97&#x44F;7</subfield>
  </datafield>
  <datafield tag="942" ind1=" " ind2=" ">
    <subfield code="c">BOOK</subfield>
  </datafield>
  <datafield tag="980" ind1=" " ind2=" ">
    <subfield code="a">NB</subfield>
  </datafield>
</record>
